00746nam a2200241 a 4500001001300000003000900013005001700022008004100039020001000080082001600090100003800106245003100144260005400175300000900229500003500238505002400273650002300297700003800320902000800358942000700366952011600373999001500489nice12345678IN_TiNIC20260116011803.0050524s1971 luca grp 000 0 ara  ac10000a492.78bNAD aNadwi Mohammadur Rabia Al, Hasani aManthurat Min Adab Il Arab aLucknowbMaktaba Darul Uloom Nadwatul Ulamac1971 a170p aincludes index and biblioraphy2 a3 Part Bound in One aArabic-Course Book1 aNadwi Mohammadur Rabia Al, Hasani bSRS cBK 001040708StackRoom-aHMIbHMId2007-06-08g100.00l0o492.78 NADp07726r2007-06-08v100.00w2005-05-24yBK c3957d3957